Use of epidemiological data in the diagnosis of physical child abuse : variations in response to hypothetical cases (Record no. 78856)

MARC details
000 -CABECERA
campo de control de longitud fija 00701nam a2200229 a 4500
005 - FECHA Y HORA DE LA ÚLTIMA TRANSACCIÓN
campo de control 20210219153517.0
008 - ELEMENTOS DE LONGITUD FIJA--INFORMACIÓN GENERAL
campo de control de longitud fija 991125n 000 0 u
035 ## - NÚMERO DE CONTROL DEL SISTEMA
Número de control de sistema UPN01000104413
100 ## - ASIENTO PRINCIPAL--NOMBRE PERSONAL
Nombre de persona Wissoe, Lawrence S.
222 ## - TÍTULO CLAVE
Título clave CHILD ABUSE AND NEGLECT :
Información calificativa THE INTERNATIONAL JOURNAL
245 ## - MENCIÓN DE TÍTULO
Título Use of epidemiological data in the diagnosis of physical child abuse : variations in response to hypothetical cases
300 ## - DESCRIPCIÓN FÍSICA
Extensión 45-56
362 ## - FECHAS DE PUBLICACIÓN Y/O DESIGNACIÓN SECUENCIAL
Fecha de publicación y/o designación secuencial 16, No. 1, 1992
505 ## - NOTA DE CONTENIDO CON FORMATO PREESTABLECIDO
Nota de contenido con formato Septiembre 1992
653 0# - TERMINO DE INDIZACION - NO CONTROLADO
Término no controlado DIAGNOSTICO CLINICO
653 0# - TERMINO DE INDIZACION - NO CONTROLADO
Término no controlado EPIDEMIOLOGIA
653 0# - TERMINO DE INDIZACION - NO CONTROLADO
Término no controlado FISICA
653 0# - TERMINO DE INDIZACION - NO CONTROLADO
Término no controlado NINO MALTRATADO
700 ## - ASIENTO SECUNDARIO--NOMBRE DE PERSONAL
Nombre de persona Wilson, Modena E. H.
904 ## - ELEMENTOS DE DATOS D LOCAL, LDD (RLIN)
a AC
b 042224
905 ## - TIPO DE MATERIAL
Tipo de material Articulo

No items available.